[Event "FRA-ch U18"]
[Site "Aix les Bains"]
[Date "2006.04.??"]
[Round "3"]
[White "Soyez, Cyril"]
[Black "Montbroussous, Tristan"]
[Result "1-0"]
[WhiteElo "2147"]
[BlackElo "1931"]
[PlyCount "55"]
[EventDate "2006.04.??"]
[EventType "swiss"]
[EventRounds "8"]
[EventCountry "FRA"]
[SourceTitle "EXT 2007"]
[Source "ChessBase"]
[SourceDate "2006.11.23"]
[SourceVersion "1"]
[SourceVersionDate "2006.11.23"]
[SourceQuality "1"]

1. c4 c6 2. g3 Nf6 3. Bg2 d5 4. Nf3 Nbd7 5. 0-0 e5 6. cxd5 Nxd5 7. e4 N5f6 8. d4 exd4 9. e5 Nd5 10. Nxd4 Nc5 11. Nc3 Ne6 12. Nxd5 cxd5 13. Nb3 Nc7 14. f4 g6 15. Be3 h5 16. Rc1 Bf5 17. Nc5 b6 18. Qa4+ Bd7 19. Nxd7 Qxd7 20. Qc2 Na6 21. Rfd1 Nb4 22. Qb3 a5 23. Bxd5 a4 24. Qc4 Nxd5 25. Rxd5 b5 26. Qe4 Qf5 27. Qxf5 gxf5 28. Rxb5 1-0

[Event "FRA-ch op-B"]
[Site "Aix les Bains"]
[Date "2003.08.23"]
[Round "5"]
[White "Constantin, Francois"]
[Black "Montbroussous, Tristan"]
[Result "1-0"]
[WhiteElo "1870"]
[BlackElo "1590"]
[PlyCount "44"]
[EventDate "2003.08.19"]
[EventType "swiss"]
[EventRounds "9"]
[EventCountry "FRA"]
[SourceTitle "EXT 2004"]
[Source "ChessBase"]
[SourceDate "2003.11.25"]
[SourceVersion "1"]
[SourceVersionDate "2003.11.25"]
[SourceQuality "1"]

1. c4 Nf6 2. Nc3 g6 3. g3 Bg7 4. Bg2 0-0 5. e4 d6 6. Nge2 e5 7. 0-0 Be6 8. d3 c6 9. h3 Nbd7 10. f4 exf4 11. Bxf4 Ne5 12. Be3 Nfd7 13. b3 f5 14. d4 Nf7 15. d5 cxd5 16. exd5 Re8 17. dxe6 Rxe6 18. Bd4 Qc7 19. Bxg7 Kxg7 20. Qd4+ Nfe5 21. Nf4 Ree8 22. Nb5 g5 1-0